End of year report 2009 (Record no. 110450)

MARC details
000 -LEADER
fixed length control field 01294cad a22002175a 4500
001 - CONTROL NUMBER
control field L149273
008 - FIXED-LENGTH DATA ELEMENTS--GENERAL INFORMATION
fixed length control field 100215s2010 xxk f 000 0 eng d
035 ## - SYSTEM CONTROL NUMBER
System control number (Sirsi) u149273
041 0# - LANGUAGE CODE
Language code of text/sound track or separate title eng
050 04 - LIBRARY OF CONGRESS CALL NUMBER
Classification number 333 $2 18
110 2# - MAIN ENTRY--CORPORATE NAME
Corporate name or jurisdiction name as entry element Local Data Company
9 (RLIN) 5825
245 00 - TITLE STATEMENT
Title End of year report 2009
Remainder of title dawn of a better market!
Medium [electronic resource]
260 ## - PUBLICATION, DISTRIBUTION, ETC.
Date of publication, distribution, etc. 2010
520 ## - SUMMARY, ETC.
Summary, etc. According to data collected between July and December 2009, 12.4% of shops are standing empty across Great Britain. This average figure represents an increase of 25% over the previous figure of 10% vacancies from June 2009. The first half of 2009 saw vacancies increase by 100%.This survey of over 700 town centres shows overall shop vacancies have very nearly doubled in England and Wales since the end of 2008. All regions saw a jump in vacancy reflected in the 2009 mid-year figures, but these rates have moderated significantly in the current survey.
590 ## - LOCAL NOTE (RLIN)
Local note KA NTK
651 #4 - SUBJECT ADDED ENTRY--GEOGRAPHIC NAME
Geographic name United Kingdom
Chronological subdivision
690 ## - LOCAL SUBJECT ADDED ENTRY--TOPICAL TERM (OCLC, RLIN)
Topical term or geographic name as entry element PROPERTY-COMMERCIAL PROPERTY-RETAIL PROPERTY
690 ## - LOCAL SUBJECT ADDED ENTRY--TOPICAL TERM (OCLC, RLIN)
Topical term or geographic name as entry element PROPERTY-COMMERCIAL PROPERTY-COMMERCIAL PROPERTY MARKET
856 48 - ELECTRONIC LOCATION AND ACCESS
Uniform Resource Identifier <a href="https://www.bpf.org.uk/en/files/press_release_docs/20100210_LDC-End-Year-Report-2009.pdf">https://www.bpf.org.uk/en/files/press_release_docs/20100210_LDC-End-Year-Report-2009.pdf</a>
Public note View the report free of charge at www.bpf.org.uk
942 ## - ADDED ENTRY ELEMENTS (KOHA)
Suppress in OPAC 0
Holdings
Withdrawn status Lost status Source of classification or shelving scheme Damaged status Not for loan Home library Current library Shelving location Date acquired Total Checkouts Full call number Barcode Date last seen Copy number Price effective from Koha item type
    Dewey Decimal Classification     Virtual Virtual Online 15/02/2010   ONLINE PUBLICATION 149273-2001 06/08/2019 1 06/08/2019 Book